Central Library OPAC University of Rajshahi

Town and townscape / (Record no. 16489)

MARC details
000 -LEADER
fixed length control field 00756nam a2200265 4500
001 - CONTROL NUMBER
control field 16489
003 - CONTROL NUMBER IDENTIFIER
rucl marc code BD-RjUL
005 - DATE AND TIME OF LATEST TRANSACTION
control field 20211209000021.0
008 - FIXED-LENGTH DATA ELEMENTS--GENERAL INFORMATION
fixed length control field 140213s1968 enkobe 001 0 eng
020 ## - INTERNATIONAL STANDARD BOOK NUMBER
International Standard Book Number 0719517990
035 ## - SYSTEM CONTROL NUMBER
System control number (BD-RjUL)16544
040 ## - CATALOGING SOURCE
Original cataloging agency DLC
Transcribing agency DLC
Modifying agency BD-RjUL
Language of cataloging eng
041 ## - LANGUAGE CODE
Language code of text/sound track or separate title eng
082 00 - DEWEY DECIMAL CLASSIFICATION NUMBER
Classification number 711.40942
Author mark and year SHT 1968
100 1# - MAIN ENTRY--PERSONAL NAME
Personal name Sharp, Thomas
Dates associated with a name 1901-1978.
9 (RLIN) 50968
245 10 - TITLE STATEMENT
Title Town and townscape /
Statement of responsibility, etc. Thomas Sharp
260 ## - PUBLICATION, DISTRIBUTION, ETC. (IMPRINT)
Place of publication, distribution, etc. London :
Name of publisher, distributor, etc. Murray,
Date of publication, distribution, etc. c1968.
300 ## - PHYSICAL DESCRIPTION
Pagination xiv, 156 p. :
Illustrations ill., maps, plans, :
Size 25 cm.
504 ## - BIBLIOGRAPHY, ETC. NOTE
Bibliography, etc Include index.
650 #0 - SUBJECT ADDED ENTRY--TOPICAL TERM
Topical term or geographic name as entry element Cities and towns
Geographic subdivision Great Britain.
9 (RLIN) 11156
Topical term or geographic name as entry element Urban beautification
Geographic subdivision Great Britain.
9 (RLIN) 50969
942 ## - ADDED ENTRY ELEMENTS (KOHA)
Source of classification or shelving scheme Dewey Decimal Classification
Koha item type Books
Holdings
Lost status Source of classification or shelving scheme Damaged status Not for loan Collection code Permanent Location Current Location Shelving location Date acquired Source of acquisition Cost, normal purchase price Total Checkouts Full call number Date last seen Copy number Koha item type
  Dewey Decimal Classification   Not For Loan Non-fiction Central Library, University of Rajshahi Central Library, University of Rajshahi Reading Room 29/07/1971 Zeitlinger 45.00   711.40942 SHT 1968 13/02/2014 C-1 Books